Tekst v sisteme obučenija russkomu jazyku i literature [materialy 13. meždunarodnoj naučno-praktičeskoj koferencii]

Gespeichert in:
Bibliographische Detailangaben
Körperschaft: Tekst v sisteme obučenija russkomu jazyku i literature. Konferencija
Weitere Verfasser: Issers, O. S., Aniščenko, O. A.
Format: Buch
Sprache:Russisch
Kasachisch
Veröffentlicht: Astana JENU im. L. N. Gumileva 2025
Ausgabe:1-je izdanije
Schlagworte:
Tags: Tag hinzufügen
Keine Tags, Fügen Sie das erste Tag hinzu!

MARC

LEADER 00000nam a2200000 4500
001 0314200
005 20260120081735.5
020 |a 978-601-385-166-2 
041 0 |a rus 
041 0 |a kaz 
044 |a KZ 
245 1 0 |a Tekst v sisteme obučenija russkomu jazyku i literature  |b [materialy 13. meždunarodnoj naučno-praktičeskoj koferencii]  |c recenzenty: O. S. Issers, O. A. Aniščenko 
250 |a 1-je izdanije 
264 1 |a Astana  |b JENU im. L. N. Gumileva  |c 2025 
300 |a 389 s. 
610 2 0 |a jazyk odborný 
610 2 0 |a jazyky cudzie 
610 2 0 |a literatúra 
610 2 0 |a ruština 
610 2 0 |a vzdelávanie 
700 1 |a Issers, O. S. 
700 1 |a Aniščenko, O. A. 
110 2 |a Tekst v sisteme obučenija russkomu jazyku i literature. Konferencija